000 00707nam a2200265Ia 4500
003 OSt
005 20220912144629.0
006 a|||||r|||| 00| 0
007 ta
008 220909b |||||||| |||| 00| 0 eng d
020 _a0029325706 (hbk)
020 _aSL0575311
024 _a196270
037 _cTextual
040 _aCSL
_beng
_cCSL
041 _aeng
082 _aY:3217:(S:44), L7
100 _aThomas Edwin J
245 0 _aMarital communication and decision making
260 _aNew York
_bMacmillan Pub.
_c1977
300 _axi, 239p. ill.
700 _aThomas Edwin J
942 _hY:3217:(S:44), L7
_cTEXL
_2CC
999 _c14104
_d14104